| 000 | 00707cam a22002531 4500 | ||
|---|---|---|---|
| 001 | he 67002380 | ||
| 003 | DLC | ||
| 005 | 20260227111451.0 | ||
| 008 | 830616s1965 is 000 0 heb | ||
| 010 | _ahe 67002380 | ||
| 035 | _a(OCoLC)19160721 | ||
| 040 |
_aDLC _cMH _dDLC |
||
| 042 | _apremarc | ||
| 050 | 0 | 0 |
_aDS110.B35 _bF3 |
| 100 | 1 | _aFarkash, E. | |
| 245 | 1 | 0 | _aBeʼer Shevaʻ. |
| 260 |
_a[Tel Aviv] : _b[Tsel-ʼor], _c[1965] |
||
| 300 |
_a107 p. : _bchiefly ill. ; _c12 cm. |
||
| 500 | _aAdded t.p.: Beer-Sheba. | ||
| 500 | _aIntroduction in Hebrew, English, and French. | ||
| 500 | _aMaps on lining paper. | ||
| 651 | 0 |
_aBeersheba (Israel) _vPictorial works. |
|
| 752 |
_aIsrael _dTel Aviv |
||
| 999 |
_c32787 _d32787 |
||